| 000 | 00355nam a2200145Ia 4500 | ||
|---|---|---|---|
| 008 | 150201s2001 xx 000 0 und d | ||
| 082 |
_a576 _bM2001B |
||
| 100 | _aBROOKS,GEO.F. | ||
| 245 | _aMEDICAL MICROBIOLOGY | ||
| 250 | _a22TH | ||
| 260 |
_bMc-GRAW-HILL L PUBLISHING _aNEW YORK _c2001 |
||
| 300 | _a1-694 | ||
| 650 | _aMICROBIOLOGY | ||
| 942 |
_2ddc _cBK |
||
| 999 |
_c2639 _d2639 |
||